| 000 | 00366nam a22001337a 4500 | ||
|---|---|---|---|
| 020 | _a0750624175 | ||
| 040 | _cNUST | ||
| 082 |
_a658.202 _bKEL |
||
| 100 |
_aKelly , Anthony _968017 |
||
| 245 |
_aMaintenance Strategy: _bBusiness-centerd Maintenance |
||
| 260 |
_aLondon: _bButterworth Heinemann, _c2000. |
||
| 650 |
_aMaintenance Strategy _9123805 |
||
| 942 |
_2ddc _cBK |
||
| 999 |
_c609881 _d609881 |
||